00367 a2200109 450000100060000008200120000610000660001824501100008426000270019430000130022150000230023491421 aPR 1318 aNadeem Khan; Pof Shafqat ul Mulk and Nauman Mazhar (Advisors) aFour Quadrant DC Motor Control by usiing Microcontroller and complex Programmable Logic Devicen72 "B" EC aRawalpindibNUSTc2012 axii, 74p aBE Project Reports